[Event "TUR Cup"]
[Site "Antalya"]
[Date "2020.01.30"]
[Round "7"]
[White "Korkmaz, Necmettin"]
[Black "Mermer, Yunus"]
[Result "1/2-1/2"]
[WhiteElo "2157"]
[BlackElo "1592"]
[PlyCount "106"]
[EventDate "2020.01.26"]
[EventType "swiss"]
[EventRounds "11"]
[EventCountry "TUR"]
[SourceTitle "CBM 194 Extra"]
[Source "ChessBase"]
[SourceDate "2020.03.31"]
[SourceVersion "1"]
[SourceVersionDate "2020.03.31"]
[SourceQuality "1"]

1. e4 c5 2. Nf3 g6 3. d4 cxd4 4. Nxd4 Bg7 5. Nc3 Nc6 6. Be3 Nf6 7. Be2 0-0 8. 0-0 d5 9. exd5 Nb4 10. Bf3 Nbxd5 11. Nxd5 Nxd5 12. Bg5 h6 13. Bh4 g5 14. Bg3 e5 15. Bxd5 Qxd5 16. Nf5 Qe6 17. Nxg7 Kxg7 18. Re1 f6 19. Qd2 Qb6 20. h4 Bf5 21. hxg5 hxg5 22. Bxe5 fxe5 23. Qxg5+ Qg6 24. Qe7+ Rf7 25. Qxe5+ Qf6 26. Qg3+ Bg6 27. Re5 Raf8 28. Rf1 Qf4 29. Qc3 Rf6 30. Re3 Rh8 31. Rg3 Rhf8 32. Rf3 Qd6 33. Re1 R8f7 34. a4 Re7 35. Rxe7+ Qxe7 36. Kf1 Kf7 37. Qc4+ Kg7 38. Qd4 Qd6 39. Qxf6+ Qxf6 40. Rxf6 Kxf6 41. c3 a5 42. b4 b6 43. Ke2 Bc2 44. bxa5 bxa5 45. Ke3 Bxa4 46. Kd4 Bc6 47. g3 a4 48. Kc4 Kf5 49. Kb4 Kg4 50. c4 Kf3 51. Kc3 Bd7 52. Kb4 Kxf2 53. g4 Bxg4 1/2-1/2

[Event "TUR Cup"]
[Site "Antalya"]
[Date "2020.01.27"]
[Round "3"]
[White "Can, Furkan"]
[Black "Mermer, Yunus"]
[Result "1-0"]
[WhiteElo "1980"]
[BlackElo "1592"]
[PlyCount "55"]
[EventDate "2020.01.26"]
[EventType "swiss"]
[EventRounds "11"]
[EventCountry "TUR"]
[SourceTitle "CBM 194 Extra"]
[Source "ChessBase"]
[SourceDate "2020.03.31"]
[SourceVersion "1"]
[SourceVersionDate "2020.03.31"]
[SourceQuality "1"]

1. d4 d5 2. Nf3 c6 3. c4 Nf6 4. Nc3 Bf5 5. cxd5 Nxd5 6. Qb3 Nb6 7. e4 Bg6 8. h4 Bh5 9. Be3 Bxf3 10. gxf3 e6 11. a4 Qe7 12. a5 Nc8 13. d5 exd5 14. exd5 Qb4 15. Qc2 Be7 16. Ra4 Qd6 17. Qb3 Qc7 18. Rg1 0-0 19. Rag4 Bf6 20. Ne4 Qxa5+ 21. Kd1 Be5 22. Rxg7+ Kh8 23. R7g5 Qxd5+ 24. Qxd5 cxd5 25. Rxe5 dxe4 26. Bd4 f6 27. Re8 Rxe8 28. Bxf6# 1-0

[Event "TUR Cup"]
[Site "Antalya"]
[Date "2019.01.27"]
[Round "1"]
[White "Mermer, Yunus"]
[Black "Isik, Alparslan"]
[Result "0-1"]
[WhiteElo "1585"]
[BlackElo "2244"]
[PlyCount "254"]
[EventDate "2019.01.27"]
[EventType "swiss"]
[EventRounds "11"]
[EventCountry "TUR"]
[SourceTitle "CBM 188 Extra"]
[Source "ChessBase"]
[SourceDate "2019.02.26"]
[SourceVersion "1"]
[SourceVersionDate "2019.02.26"]
[SourceQuality "1"]

1. d4 Nf6 2. c4 g6 3. Nc3 d5 4. cxd5 Nxd5 5. e4 Nxc3 6. bxc3 Bg7 7. Bc4 0-0 8. Ne2 c5 9. Be3 Nc6 10. Rc1 cxd4 11. cxd4 Qa5+ 12. Qd2 Qxd2+ 13. Kxd2 Rd8 14. d5 Na5 15. Rhd1 Bd7 16. Ke1 Ba4 17. Bb3 Nxb3 18. axb3 Bxb3 19. Rd3 Ba4 20. Ra3 b5 21. Rc7 a5 22. Nd4 Be5 23. Rb7 Bxd4 24. Bxd4 Re8 25. f3 f5 26. exf5 gxf5 27. f4 Rad8 28. Bb6 Rxd5 29. Bxa5 Rd4 30. Re3 Rxf4 31. Rexe7 Rxe7+ 32. Rxe7 Bb3 33. Bd2 Rg4 34. g3 Bc2 35. Bf4 b4 36. Rb7 b3 37. Kd2 Rg6 38. Kc1 Ra6 39. Kb2 Ra5 40. h4 Bd1 41. Kc1 Rd5 42. Kb2 Bc2 43. Kc3 Rc5+ 44. Kb2 Bd1 45. Ka3 Rc3 46. Kb2 Rf3 47. Kc1 Rf1 48. Kb2 Bc2 49. Kc3 Rb1 50. Be5 Re1 51. Bf4 Re6 52. Kb2 h5 53. Kc3 Rc6+ 54. Kb2 Rc5 55. Bd6 Rd5 56. Bf4 Ra5 57. Kc3 Kf8 58. Kb2 Ke8 59. Kc3 Ra6 60. Kb2 Kd8 61. Be5 Re6 62. Bf4 Ra6 63. Be5 Rc6 64. Bf4 Kc8 65. Rb8+ Kd7 66. Rh8 Ra6 67. Rh7+ Ke8 68. Rh8+ Kf7 69. Rh7+ Kg8 70. Rb7 Ra2+ 71. Kc3 Ra4 72. Kb2 Kf8 73. Kc3 Ke8 74. Kb2 Kd8 75. Kc3 Ra2 76. Be5 Bd1 77. Kd3 Rg2 78. Ke3 Re2+ 79. Kf4 Bc2 80. Bg7 Kc8 81. Rb4 Rg2 82. Be5 Kd7 83. Rb6 Re2 84. Bg7 Kc7 85. Rb4 Kc6 86. Kg5 Re3 87. Kf4 Re7 88. Be5 Kd5 89. Rb5+ Kc4 90. Rb8 Kd3 91. Kxf5 Bd1 92. Kf6 Rd7 93. Bb2 Rc7 94. Be5 Rc5 95. Rb4 Kc2 96. Bd4 Rd5 97. Ke6 Ra5 98. Rc4+ Kd3 99. Rb4 Be2 100. Bb6 Ra3 101. Bc5 Ra6+ 102. Ke5 Kc3 103. Rb6 Rxb6 104. Bxb6 b2 105. Bd4+ Kc2 106. Bxb2 Kxb2 107. Kf4 Kc3 108. g4 Bxg4 109. Kg3 Kd3 110. Kf2 Ke4 111. Kg3 Ke3 112. Kg2 Kf4 113. Kf2 Bh3 114. Kg1 Kg3 115. Kh1 Kxh4 116. Kh2 Bd7 117. Kg2 Kg4 118. Kh2 h4 119. Kg2 h3+ 120. Kh2 Bc6 121. Kg1 Kg3 122. Kf1 h2 123. Ke2 h1Q 124. Kd2 Qf3 125. Ke1 Qf2+ 126. Kd1 Be4 127. Kc1 Qc2# 0-1

[Event "TUR Cup										"]
[Site "Antalya"]
[Date "2018.02.01"]
[Round "9"]
[White "Karacay, Aybar"]
[Black "Mermer, Yunus"]
[Result "1/2-1/2"]
[WhiteElo "1993"]
[BlackElo "1507"]
[PlyCount "61"]
[EventDate "2018.01.27"]
[EventType "swiss"]
[EventRounds "11"]
[EventCountry "TUR"]
[SourceTitle "CBM 182 Extra"]
[Source "ChessBase"]
[SourceDate "2018.02.23"]
[SourceVersion "1"]
[SourceVersionDate "2018.02.23"]
[SourceQuality "1"]

1. e3 d5 2. Nf3 Nf6 3. h3 c5 4. Bb5+ Bd7 5. c4 Bxb5 6. cxb5 Nbd7 7. 0-0 e6 8. d3 Bd6 9. Qc2 h6 10. e4 dxe4 11. dxe4 Qc7 12. Na3 0-0 13. Nc4 Ne5 14. Nfxe5 Bxe5 15. a4 Bd4 16. Ra3 b6 17. Qe2 Kh7 18. Kh1 e5 19. Rg3 Rg8 20. f4 exf4 21. Bxf4 Qe7 22. e5 Nd7 23. Qh5 Raf8 24. Rgf3 Qe6 25. b3 Qg6 26. Qh4 Qe6 27. Bg3 g6 28. Qe4 f5 29. Qb7 Rg7 30. Qxa7 Nxe5 31. Qb7 1/2-1/2

[Event "TUR Cup										"]
[Site "Antalya"]
[Date "2018.01.27"]
[Round "1"]
[White "Mermer, Yunus"]
[Black "Yaver, Faik Emre"]
[Result "1/2-1/2"]
[WhiteElo "1507"]
[BlackElo "2096"]
[PlyCount "99"]
[EventDate "2018.01.27"]
[EventType "swiss"]
[EventRounds "11"]
[EventCountry "TUR"]
[SourceTitle "CBM 182 Extra"]
[Source "ChessBase"]
[SourceDate "2018.02.23"]
[SourceVersion "1"]
[SourceVersionDate "2018.02.23"]
[SourceQuality "1"]

1. d4 d5 2. c4 c6 3. Nf3 Nf6 4. e3 e6 5. b3 Nbd7 6. Nc3 Bb4 7. Bd2 Qe7 8. Bd3 e5 9. dxe5 Nxe5 10. Nxe5 Qxe5 11. Rc1 0-0 12. Ne2 a5 13. 0-0 Rd8 14. Bc3 Bxc3 15. Nxc3 Ng4 16. g3 Qh5 17. h4 g5 18. Kg2 gxh4 19. Rh1 h3+ 20. Kg1 Be6 21. cxd5 cxd5 22. Ne2 Ne5 23. Nf4 Qxd1+ 24. Rxd1 Bg4 25. Be2 h5 26. Kf1 Rac8 27. Nxh3 Rc2 28. Nf4 Rxa2 29. Bxg4 Nxg4 30. Nd3 Nf6 31. Kg2 Rc8 32. Rc1 Rcc2 33. Rxc2 Rxc2 34. Ra1 Rd2 35. Nf4 b6 36. Rc1 Rb2 37. Rc6 Kg7 38. Rxb6 a4 39. Ra6 axb3 40. Rb6 Rb1 41. Kf3 Ne4 42. Nxh5+ Kf8 43. Nf6 Nc3 44. Nd7+ Kg7 45. Nc5 b2 46. Nd3 Nd1 47. Rb4 Kf8 48. Kg2 Ke7 49. Kf3 Kf8 50. Kg2 1/2-1/2

[Event "Manavgat Turkey Cup"]
[Site "Manavgat"]
[Date "2016.02.02"]
[Round "6"]
[White "Acarbay, Algi"]
[Black "Mermer, Yunus"]
[Result "1/2-1/2"]
[WhiteElo "1866"]
[BlackElo "1494"]
[PlyCount "161"]
[EventDate "2016.01.30"]
[EventType "swiss"]
[EventRounds "11"]
[EventCountry "TUR"]
[SourceTitle "CBM 170 Extra"]
[Source "ChessBase"]
[SourceDate "2016.02.25"]
[SourceVersion "1"]
[SourceVersionDate "2016.02.25"]
[SourceQuality "1"]

1. e4 c5 2. Nf3 d6 3. Bb5+ Bd7 4. Bxd7+ Qxd7 5. 0-0 Nf6 6. Qe2 Nc6 7. Rd1 g6 8. c3 Bg7 9. d4 cxd4 10. cxd4 d5 11. e5 Ne4 12. Nbd2 Nxd2 13. Bxd2 0-0 14. Bc3 Rfc8 15. Nd2 e6 16. Nf1 Ne7 17. Ne3 h5 18. Rac1 a6 19. a3 Rc7 20. Nc2 Nf5 21. Ne1 Rac8 22. Nd3 Bf8 23. Qd2 Qa4 24. Nf4 Bh6 25. g3 Qd7 26. Kg2 Qe7 27. Bb4 Qd7 28. Bc3 Qe7 29. Bb4 Qd7 30. Bc5 Rc6 31. b3 b6 32. Bb4 Rxc1 33. Rxc1 Rxc1 34. Qxc1 Nxd4 35. Nxh5 Bxc1 36. Nf6+ Kg7 37. Nxd7 a5 38. Be7 Nxb3 39. Nxb6 Nd4 40. a4 Bd2 41. Bc5 Nc6 42. f4 Bb4 43. Bf2 f6 44. exf6+ Kxf6 45. Kf3 e5 46. Nxd5+ Ke6 47. Nxb4 axb4 48. Ke4 b3 49. Kd3 Nb4+ 50. Kc3 b2 51. Kxb2 Nd3+ 52. Kc3 Nxf2 53. fxe5 Kxe5 54. Kd2 Ng4 55. h3 Nf2 56. Ke3 Nxh3 57. a5 Ng5 58. a6 Ne6 59. Kf3 Kf5 60. a7 Nc7 61. Kf2 g5 62. Kf3 Na8 63. g4+ Ke5 64. Ke3 Nc7 65. Kd3 Kd5 66. Ke3 Ke5 67. Kd3 Kd5 68. Ke3 Na8 69. Kd3 Nb6 70. Ke3 Ke5 71. Kd3 Kd5 72. Ke3 Na8 73. Kd3 Nc7 74. Ke3 Ke5 75. Kd3 Kd5 76. Ke3 Na8 77. Kd3 Nc7 78. Ke3 Ke5 79. Kd3 Kd5 80. Ke3 Na8 81. Kd3 1/2-1/2